Statistics for Young Dolph Discography

Click here to take the quiz!

General Stats

  • This quiz has been taken 7 times
    (4 since last reset)
  • The average score is 6 of 29

Answer Stats

YearNameType% Correct
2019Dum and DummerAlbum (Collab)
67%
2021Dum and Dummer 2Album (Collab)
67%
2020Rich SlaveAlbum
67%
2018Role ModelAlbum
67%
2017BulletproofAlbum
33%
2017GelatoMixtape
33%
2011High Class Street MusicMixtape
33%
2011High Class Street Music: 2: Hustler's ParadiseMixtape
33%
2013High Class Street Music 3: Trappin' Out a MansionMixtape
33%
2014High Class Street Music 4: American GangsterMixtape
33%
2015High Class Street Music 5: The Plug Best FriendMixtape
33%
2018N***as Get Shot EverydayEP
33%
2021Paper Route IlluminatiCompilation
33%
2016Rich Crack BabyMixtape
33%
2017Thinking Out LoudAlbum
33%
201516 ZipsMixtape
0%
2012A Time 2 KillMixtape
0%
2015BagMenMixtape (Collab)
0%
2012Blue MagicMixtape
0%
2014Cross Country TrappinMixtape
0%
2013East Atlanta MemphisMIxtape (Collab)
0%
2015Felix BrothersMixtape (Collab)
0%
2016King of MemphisAlbum
0%
2008Paper Route CampaignMixtape
0%
2022*Paper Route FrankAlbum
0%
2015S......' on The IndustryMixtape
0%
2013South Memphis KingpinMixtape
0%
2017Tracking NumbersAlbum (Collab)
0%
2010Welcome 2 Dolph WorldMixtape
0%

Score Distribution

Percentile by Number Answered

Percent of People with Each Score

Your Score History

You have not taken this quiz since the last reset